Inventaire des monnaies musulmanes anciennes du musée de Caboul /

محفوظ في:

المؤلف الرئيسي: Sourdel, Dominique (مؤلف)

مؤلف مشترك: Kabul, Afghanistan (City) Museum.

التنسيق: كتاب

منشور في: Damas : Institut français de Damas, 1953.

الموضوعات:

الوسوم: إضافة وسم

لا توجد وسوم, كن أول من يضع وسما على هذه التسجيلة!

رقم الطلب: CJ3404 .S6 1953

LEADER 00758nam a2200241I 4500
001 4107
003 OSt
005 20251109083206.0
008 130303s1953 sy f b 000 0 d
010 |a 54002752 
035 |a ocm06509652 
040 |c ARCE Library 
050 4 |a CJ3404 .S6 1953 
100 1 |a Sourdel, Dominique,  |e author 
245 1 0 |a Inventaire des monnaies musulmanes anciennes du musée de Caboul /  |c Dominique Sourdel ; Musée de Caboul (KABUL). 
264 1 |a Damas :  |b Institut français de Damas,  |c 1953. 
300 |a xxiii, 142 pages :   |b 6 plates ;   |c 25 cm. 
504 |a Includes bibliographical references. 
650 0 |a Islamic coins. 
710 2 |a Kabul, Afghanistan (City)  |b Museum. 
901 |a reviewed 
942 |c BK  |2 lcc 
999 |c 5645  |d 5645